When did these extinct creatures live? - Statistics

General Stats
  • This quiz has been taken 25 times
  • The average score is 23 of 40
Answer Stats
Creature Period % Correct
Allosaurus Jurassic
100%
Ankylosaurus Cretaceous
84%
Archaeopteryx Jurassic
79%
Argentinosaurus Cretaceous
74%
Brachiosaurus Jurassic
74%
Compsognathus Jurassic
74%
Ichthyosaurus Jurassic
74%
Anomalocaris Cambrian
68%
Dilophosaurus Jurassic
68%
Arthropleura Carboniferous
63%
Mosasaurus Cretaceous
63%
Pachycephalosaurus Cretaceous
63%
Spinosaurus Cretaceous
63%
Dunkleosteus Devonian
63%
Stegosaurus Jurassic
63%
Ichthyotitan Triassic
63%
Meganeura Carboniferous
58%
Diplocaulus Carboniferous / Permian
58%
Triceratops Cretaceous
58%
Tyrannosaurus Cretaceous
58%
Velociraptor Cretaceous
58%
Plesiosaurus Jurassic
58%
Dimetrodon Permian
58%
Helicoprion Permian
58%
Herrerasaurus Triassic
58%
Hallucigenia Cambrian
53%
Tiktaalik Devonian
53%
Basilosaurus Paleogene
47%
Opabinia Cambrian
42%
Hibbertopterus Carboniferous
42%
Parapuzosia Cretaceous
42%
Jaekelopterus Devonian
42%
O. Megalodon Neogene
42%
Titanoboa Paleogene
42%
Dodo Quaternary
42%
Woolly Mammoth Quaternary
42%
Eurypterus Silurian
42%
Argentavis Neogene
37%
Isotelus Ordovician
37%
Paraceratherium Paleogene
37%
No matching quizzes found
Score Distribution
Percent of People with Each Score
Percentile by Number Answered
Your Score History
You have not taken this quiz